01074naa#a2200301#i#4500001001600000005001700016011001400033100004100047101000800088102000700096200010200103210004600205215001100251608002700262675021400289700002400503700002400527700002300551700002300574700002500597700001400622700001900636700002500655700002600680700002500706700002600731856001500757EN\\bibl\12100520260425113456.6##a2308-4057##a20260420b2026####ek#y0engy0150####ca0#aENG##aRU1#aAqueous extract of Atriplex hortensis and Betulae folia as actoprotector in ratseJournal article1#aKemerovocKemerovo State Universityd2026##a11 с.##aJournal article2local##aХимическая технология. Химическая промышленность. Пищевая промышленность. Металлургия. Родственные отрасли. 66zENG#1aSergeevagIrina Yu.#1aAnshukovgAndrey V.#1aIshchukgLarisa A.#1aAtuchingVictor V.#1aMukhlyninagElena A.#1aLigYang #1aHuanggYuyang #1aMarkovgAlexander S.#1aPermyakovagLarisa V.#1aKiselevagTatyana F.#1aKleymenovgSemyon Yu.4#ajsocnet.ru